000 00478nam a2200181Ia 4500
999 _c21175
_d21175
001 20851
003 PK-LaUMT
005 20221004172631.0
008 140408s9999 xx 000 0 und d
040 _cPK-LaUMT
082 _aW 669.3
_bLAR-C
100 _aDonald Frederick Larson
245 _aCopper and the negative price of storage
_cDonald Frederick Larson
260 _aWashington,USA:
_bWorld Bank,
_c1994
300 _a78 p.
546 _aEN
942 _cWEEDED OUT
_2ddc